Youth employment and training programs (Record no. 47596)
[ view plain ]
| 000 -LEADER | |
|---|---|
| fixed length control field | 01452nam a2200325Ia 4500 |
| 245 00 - TITLE STATEMENT | |
| Title | Youth employment and training programs |
| 260 ## - PUBLICATION, DISTRIBUTION, ETC. (IMPRINT) | |
| Place of publication | Washington, D.C. : |
| Name of publisher | National Academy Press, |
| Year of publication | 1985. |
| 300 ## - PHYSICAL DESCRIPTION | |
| Number of Pages | xi, 495 p. |
| 650 #0 - SUBJECT ADDED ENTRY--TOPICAL TERM | |
| Topical Term | YEDPA programs. |
| Topical Term | Youth |
| Topical Term | Occupational training |
| 700 1# - ADDED ENTRY--PERSONAL NAME | |
| Personal name | Betsey, Charles L. |
| Personal name | Hollister, Robinson G. |
| Personal name | Papageorgiou, Mary R. |
| 856 40 - ELECTRONIC LOCATION AND ACCESS | |
| Uniform Resource Identifier | http://site.ebrary.com/lib/rucke/Doc?id=10062996 |
No items available.
